00301nam a2200097Ia 4500008004100000041000800041100001900049245006700068260004900135999001900184241105s9999 xx 000 0 und d aeng aNathe Prashant aCriteria For Environment Conscious Institute In India : Part 2 bYCMOU Environmental Architecture, Punec2011 c360538d360538